000 00813nas a2200253 4500
001 BR9602074
003 BR-BrBNA
005 20231205095739.0
007 ta
008 230509b bl.|||p| |||| 00| 00por d
040 _aBR-BrBNA
_bpor
_cBiblioteca Nacional de Agricultura
041 _a(Pt)
072 _aL53
100 1 _aPaula, T.A.R.
100 1 _aCardoso, F.M.
245 1 _aAlteracoes etarias na espermatogenese do cao; 2: populacao celular dos tubulos seminiferos e rendimento espermatogenico
650 _aCao
650 _aEspermatogenese
650 _aTesticulo
650 _aIdade
773 0 _tArquivo Brasileiro de Medicina Veterinaria e Zootecnia (Brazil)
_xISSN 0102-0935
_g(Aug 1995), v. 47(4) p. 535-547
_wBR9602074
909 _a202311
_bLúcia
_c55
_dLúcia Elande
942 _2AGRIS
_n0
_cANA
999 _c152489
_d152489